| 000 | 00845nam a2200253 i 4500 | ||
|---|---|---|---|
| 001 | 12139 | ||
| 003 | KOSZ 005 | ||
| 005 | 20220511125028.0 | ||
| 008 | 070715s1969 pl a f 000 0 pol | ||
| 015 | _aPB 1970/556 | ||
| 040 |
_aWA N _cKOSZ 005/RW _dKOSZ 005/RW |
||
| 080 | _a371.2 | ||
| 100 | 1 |
_aPieter, Józef _d(1904-1989) _eAutor |
|
| 245 | 1 | 0 |
_aEgzamin obiektywny / _cJózef Pieter. |
| 260 |
_aWarszawa : _b"Nasza Księgarnia", _c1969. |
||
| 300 |
_a279, [5] s. : _bil. ; _c23 cm. |
||
| 380 | _aKsiążki. | ||
| 504 | _aBibliogr. s. 279-[280]. | ||
| 655 | 4 | _aĆwiczenia i zadania | |
| 650 | 4 | _aEgzaminy szkolne | |
| 710 | 2 |
_aInstytut Wydawniczy "Nasza Księgarnia" _4pbl. |
|
| 856 |
_uhttp://koha.tu.koszalin.pl/cgi-bin/koha/opac-detail.pl?biblionumber=12139 _yKatalog online BPK |
||
| 942 |
_2UKD _cKS |
||
| 999 |
_c12139 _d12139 |
||